01770nam a22003137a 4500003000900000008004100009040007100050082002500121110005500146245006800201260003200269300002900301440006300330505068900393650002801082650002601110650002301136650002101159650001801180650001901198650002701217700002401244700002601268700002901294700002901323700002401352700002501376710005501401AR-CdUCM190425b ||||| |||| 00| 0 spa d aMUNICIPALIDAD PROVINCIAL DEL CUSCOcBIBLIOTECA MUNICIPAL DEL CUSCO aRev.Univ/N°121/1961 aUniversidad Nacional de San Antonio Abad del Cusco aRevista Universitaria :bÓrgano de la Universidad del Cuzco / aCusco :bH.G. Rozas,c1961. a418 páginas. :c20 cm. aRevista UniversitarianAño L, 2° semestre 1961, N°121. aContenido: Pedagogía y Universidad. Julio Miranda Bernal. -- Lo mío en la estructura de la personalidad. Daniel E. Castillo. -- Precursores cuzqueños de la independencia americana. Jorge Cornejo Bouroncle. -- La universidad interamericana del Cuzco. Alfredo Yépez Miranda. -- Impresiones sobre mi viaje al Japón. Jorge Bravo Bressani. -- Monografías sobre temas de Geografía Humana. -- Historia de la pintura cuzqueña. Emilio Harth Terre. -- Suelos de ceja de montaña del departamento del Cuzco. Jorge Kuon Cabello. -- Geología de la ciudad incaica de Machupicchu y sus alrededores. Carlos Kalafatovich Valle. -- Lactayuyay memoria patria poemario. Humberto Mata. aPrecursores cusqueños aIndependencia peruana aPintura cusqueña aPintura colonial aArte colonial aArte virreinal aGeología Machupicchu aKuon Cabello, Jorge aMiranda Bernal, Julio aCornejo Bouroncle, Jorge aYépez Miranda, Alfredo aHarth Terre, Emilio aKalafatovich, Carlos aUniversidad Nacional de San Antonio Abad del Cusco